000 00296nam a22001337a 4500
008 170503b xxu||||| |||| 00| 0 eng d
020 _a9781885219367
041 _aeng
080 _a34
100 _a14
101 _aSHJ
245 _aCOMMUNICATION AND THE LAW
_cHOPKINS, W.W
942 _2udc
_cBK
999 _c12489
_d12489